<?xml version="1.0" encoding="UTF-8"?>
<marc:record xmlns:marc="http://www.loc.gov/MARC21/slim">
   <marc:leader>00000nam a2200000 a 4500</marc:leader>
   <marc:datafield ind1="1" ind2=" " tag="100">
      <marc:subfield code="a">Backhaus, Franz Josef</marc:subfield>
   </marc:datafield>
   <marc:datafield ind1=" " ind2=" " tag="653">
      <marc:subfield code="a">s||?Fest</marc:subfield>
   </marc:datafield>
   <marc:datafield ind1=" " ind2=" " tag="653">
      <marc:subfield code="a">s||?Kirchenfest</marc:subfield>
   </marc:datafield>
   <marc:datafield ind1=" " ind2=" " tag="653">
      <marc:subfield code="a">s||?Feier</marc:subfield>
   </marc:datafield>
   <marc:datafield ind1=" " ind2=" " tag="653">
      <marc:subfield code="a">f||?Aufsatzsammlung</marc:subfield>
   </marc:datafield>
   <marc:datafield ind1=" " ind2=" " tag="653">
      <marc:subfield code="a">s||?Bibel</marc:subfield>
   </marc:datafield>
   <marc:datafield ind1="0" ind2="0" tag="245">
      <marc:subfield code="a">Feste feiern</marc:subfield>
   </marc:datafield>
   <marc:datafield ind1="0" ind2="0" tag="245">
      <marc:subfield code="b">Welche Feste feierst du? : das verpatzte Fest - biblische Desaster : ein Bibelfest mit allen Sinnen</marc:subfield>
   </marc:datafield>
   <marc:datafield ind1="0" ind2="0" tag="245">
      <marc:subfield code="c">Schriftleitung: Direktor Dr. Franz Josef Backhaus</marc:subfield>
   </marc:datafield>
   <marc:datafield ind1=" " ind2="1" tag="264">
      <marc:subfield code="a">Stuttgart</marc:subfield>
      <marc:subfield code="b">Verlag Katholisches Bibelwerk</marc:subfield>
      <marc:subfield code="c">2014</marc:subfield>
   </marc:datafield>
   <marc:datafield ind1="1" ind2=" " tag="520">
      <marc:subfield code="a">Inhalt; Bettina Wellmann, Welche Feste feierst du?; Ottmar Fuchs, Was macht ein Fest aus?; Eleonore Reuter, Welche Feste feierte man in biblischer Zeit? : Vom Erntefest zum Fest des Heils; Detlef Hecking, Das verpatzte Fest : Biblische Desaster; Jürgen Ebach, Ich hasse, ich verachte eure Feste! : Amos 5,21&#x96;27; Ingrid Penner, Ein Bibelfest mit allen Sinnen : Praxisteil; Joachim Kügler, Von der Endzeithoffnung zum Dauerzustand : Warum wir Jesus nicht mehr verstehen können; Herbert Fendrich, Einfach ein Fest : Das besondere Bild: Paolo Veronese, &#x84;Gastmahl im Haus des Levi&#x93;; Wilhelm Bruners, Wenn Jesus ein Fest feiert, dann ...; Manfred Oeming, Sabbat, Sonntag, Feiertag : Ein Plädoyer für den Ruhetag aus biblischer Sicht; Bettina Wellmann / Claudia Pfrang, Tipps, um mit Kindern die Feste im Jahr zu erleben : Interview; Dieter Bauer, Das Evangelium in Leichter Sprache : Ein Projekt im Bereich Inklusion.</marc:subfield>
   </marc:datafield>
   <marc:datafield ind1=" " ind2=" " tag="020">
      <marc:subfield code="a">9783944766256</marc:subfield>
      <marc:subfield code="9">9783944766256</marc:subfield>
   </marc:datafield>
   <marc:datafield ind1=" " ind2=" " tag="022">
      <marc:subfield code="a">00060593</marc:subfield>
   </marc:datafield>
   <marc:datafield ind1=" " ind2=" " tag="041">
      <marc:subfield code="a">ger</marc:subfield>
   </marc:datafield>
   <marc:datafield ind1="0" ind2=" " tag="490">
      <marc:subfield code="v">200</marc:subfield>
   </marc:datafield>
   <marc:datafield ind1=" " ind2=" " tag="300">
      <marc:subfield code="a">IV, 31 Seiten, Illustrationen</marc:subfield>
   </marc:datafield>
</marc:record>
